000 00493nam a2200193Ia 4500
008 151121s9999||||xx |||||||||||||| ||und||
082 _a910/Kar
082 _bHNW-24108
100 _aKarandikar R।P।
245 _aLetter From England -1908
260 _b"Karandikar, Satara"
260 _c--
300 _a336
600 _aKarandikar R।P।
630 _aLetter From England -1908
700 _aKarandikar R।P।
730 _aLetter From England -1908
942 _cBOOK
999 _c1222441
_d1222438